000
00330nam a2200109Ia 4500
008
151001s9999||||xx |||||||||||||| ||und||
100
_a
ध रा गाला
245
_a
मधुमेह व उच्च रक्तदाब दूर
260
_b
गाला पब्लिशर्स
300
_a
171
365
_b
21
999
_c
969914
_d
969911